01863nam a22004337a 450000500170000000800410001704100080005804400070006608200170007324500670009026000840015730000240024150502000026550500450046550500740051050501330058450500470071750500510076450500440081550500450085950500660090450500620097050500920103265000340112465000310115865000480118965000380123765100140127565100120128965100110130165100100131265100150132265100090133765100130134665100140135965100130137365100160138665100270140220191224041936.0140522b2008 ag ||||| |||| 00| 0 spa d aspa aag04a635.951bB7400aBosques modelo para Iberoamérica : bAlianzas para el futuro aCosta RicabRed Iberoamericana de Bosques Modelo. Oficina Regional CATIEc2008 a119 p.c21 x 27 cm. aArgentina (p. 9) Programa Nacional de Bosques Modelo de Argentina Bosque modelo Jujuy Bosque modelo Formoseño Bosque modelo Norte de Neuquén Bosque modelo San Pedro Bosque modelo Futaleufú  aBolivia (p. 35) Bosque modelo Chiquitano aBrasil (p. 41) Bosque modelo Mata Atlántica Bosque modelo Pandeiros aChile (p. 51) Bosque modelo Araucarias del Alto Malleco Bosque modelo Chiloé Bosque modelo Cachapoal Bosque modelo Panguipulli aCosta Rica (69) Bosque modelo Reventazón aCuba (p. 77) Bosque modelo Sabanas de Manacas  aEspaña (p. 85) Bosque modelo Urbión aGuatemala (p. 89) Bosque modelo Lachuá aHonduras (p. 95) Bosque modelo Atlántida Bosque modelo Yoro aPuerto Rico (p.105) Bosque modelo en las Tierras Adjuntas aRepública Dominicana (p.111) Bosque modelo Sabana Yegua Bosque modelo Yaque del Norte 6aArboles urbanoszIberoamerica 6aFlora urbanazIberoamerica 6aPlantas ornamentalesxcultivozIberoamerica 6aSilvicultura urbanazIberoamerica 6aArgentina 6aBolivia 6aBrasil 6aChile 6aCosta Rica 6aCuba 6aEspaña 6aGuatemala 6aHonduras 6aPuerto Rico 6aRepública Dominicana